Statistics for 1961 year quiz

Click here to take the quiz!

General Stats

  • This quiz has been taken 41 times
  • The average score is 6 of 10

Answer Stats

HintAnswer% Correct
Kennedy announces goal of putting man here by end of decadeThe moon
100%
Construction starts on this divisive German edificeBerlin Wall
95%
This man is globally feted for venturing into spaceYuri Gagarin
80%
A CIA invasion plot goes very badly wrong on this landing spotThe Bay of Pigs
75%
Police kill Algerian protesters and fling their bodies into the river in this cityParis
60%
Stalin's eradication from Soviet public life continues with this new city nameVolgograd
58%
This ballet great defects to the WestRudolf Nureyev
40%
The Swedish head of this international organisation is killed in a Zambia plane crashThe United Nations
40%
This indomitable Gaul first gets a bookAsterix
38%
Belgium and the US stand accused in murder of this leftist African leaderPatrice Lumumba
20%

Score Distribution

Percentile by Number Answered

Percent of People with Each Score

Your Score History

You have not taken this quiz